| 000 | 00495nam a22001817a 4500 | ||
|---|---|---|---|
| 008 | 151013b xxu||||| |||| 00| 0 eng d | ||
| 020 | _a0023511826 | ||
| 041 | 0 | _aeng | |
| 080 | _a621.3 | ||
| 100 | 1 | _aHart, Daniel W. | |
| 245 | 1 | 0 |
_aIntroduction to power electronics / _cDaniel W. Hart. |
| 260 |
_aUpper Saddle River, N.J. : _bPrentice Hall, _c1997. |
||
| 300 |
_axiv, 418 f. : _bme il.; _c25 cm. |
||
| 650 | 0 | _aElektronika | |
| 650 | 0 | _aElektroteknika | |
| 650 | 0 | _aFuqia | |
| 942 |
_2udc _cBK |
||
| 999 |
_c1263 _d1263 |
||